| 000 | 00823nam a22002417a 4500 | ||
|---|---|---|---|
| 003 | OSt | ||
| 005 | 20260601171020.0 | ||
| 008 | 260520b2020\\\\sp\a||||\||||\00|\0\spa\d | ||
| 020 | _a9786079708795 | ||
| 040 |
_aICI _bspa _cICI _erda |
||
| 041 | _aspa | ||
| 050 |
_aF1234 _bQ85 2020 |
||
| 100 | _eautor | ||
| 245 | 1 |
_a500 : _bMéxico, 500 años de historia en 500 objetos / _ccoordinador Gabriela Velásquez Robinson ; Margarita María Guardado García. |
|
| 264 |
_aEspaña : _bTURNER ; _bFundación BBVA ; _c2020 |
||
| 300 |
_a1091 páginas : _bilustraciones |
||
| 336 |
_2rdacontent _atexto |
||
| 337 |
_2rdamedia _asin medio |
||
| 338 |
_2rdacarrier _avolumen |
||
| 700 |
_aVelásquez Robinson, Gabriela, _ecoordinadora _934568 |
||
| 700 |
_aGuardado García, Margarita María, _ecoordinadora _934569 |
||
| 942 |
_2lcc _cB _n1 |
||
| 999 |
_c20857 _d20857 |
||